| 000 | 01295nam0a22003611 4500 | ||
|---|---|---|---|
| 001 | rc\2251688 | ||
| 005 | 20220323161910.0 | ||
| 035 | _a(NLR Aleph) 006536253 | ||
| 090 |
_a6587718 _c6587718 |
||
| 100 | _a20110826d1978 |||y0rusy50 ca | ||
| 101 | 0 | _arus | |
| 102 | _aRU | ||
| 105 | _ay z ||||| | ||
| 200 | 1 | _aНормы современного русского литературного языка | |
| 210 |
_aМосква _cПросвещение _d1978 |
||
| 215 |
_a239 с. _d21 |
||
| 225 | 1 | _aПособие для учителей | |
| 300 | _aЗагл. корешка: Нормы русского литературного языка | ||
| 320 | _aСписки лит. в конце глав | ||
| 516 | 0 | _aНормы русского литературного языка | |
| 606 |
_aРусский язык _xМетодические пособия _2psbo |
||
| 686 |
_aЧ426.131(2),0 _2rubbk |
||
| 686 |
_aШ141.2-72,0 _2rubbk |
||
| 700 | 1 |
_aГорбачевич _bК. С. _f1925-2005 _gКирилл Сергеевич |
|
| 801 | 0 |
_aRU _bNLR _gpsbo |
|
| 801 | 1 |
_aRU _bELAR _2rusmarc |
|
| 852 |
_aNLR _j78-3/7927 |
||
| 899 |
_aRuMoRGB _jБ 78-24/86 |
||
| 899 |
_aRuMoRGB _jБ 78-24/87 |
||
| 899 |
_aRuMoRGB _j801-90/9769-0 |
||
| 942 | _cBOOK | ||
| 980 | _aNB | ||